Study of twentieth century tamil dramatic texts (Record no. 886159)

MARC details
000 -LEADER
fixed length control field 00851nam a2200253Ia 4500
003 - CONTROL NUMBER IDENTIFIER
control field OSt
005 - DATE AND TIME OF LATEST TRANSACTION
control field 20220930093901.0
008 - FIXED-LENGTH DATA ELEMENTS--GENERAL INFORMATION
fixed length control field 220926b |||||||| |||| 00| 0 tam d
037 ## - SOURCE OF ACQUISITION
Terms of availability Theses
040 ## - CATALOGING SOURCE
Original cataloging agency CRL
Transcribing agency CRL
Language of cataloging tam
041 ## - LANGUAGE CODE
Source of code tam
Language code of text/sound track or separate title tam
100 ## - MAIN ENTRY--PERSONAL NAME
Personal name Suresh K Au.
9 (RLIN) 553613
110 ## - MAIN ENTRY--CORPORATE NAME
Corporate name or jurisdiction name as entry element University of Delhi. Faculty of Arts. Department of of Modern Indian Languages and Literary Studies
9 (RLIN) 553614
245 #0 - TITLE STATEMENT
Title Study of twentieth century tamil dramatic texts
Remainder of title (1900-1950)
260 ## - PUBLICATION, DISTRIBUTION, ETC.
Date of publication, distribution, etc. 2018
300 ## - PHYSICAL DESCRIPTION
Extent 233p.
-- p.
Dimensions cm.
700 ## - ADDED ENTRY--PERSONAL NAME
Personal name Seenivasan S Gu.
9 (RLIN) 553615
700 ## - ADDED ENTRY--PERSONAL NAME
Personal name University of Delhi. Faculty of Arts. Department of of Modern Indian Languages and Literary Studies
9 (RLIN) 553616
942 ## - ADDED ENTRY ELEMENTS (KOHA)
Koha item type Dissertations
Source of classification or shelving scheme Colon Classification (CC)
Holdings
Withdrawn status Lost status Damaged status Not for loan Home library Current library Date acquired Total Checkouts Barcode Date last seen Price effective from Koha item type
        Central Library Central Library 2022-09-30   TH0024012 2022-09-30 2022-09-30 Thesis
Copyright @ Delhi University Library System